000 01890cam a22004694i 4500
003 PE-LiUPU
005 20250731173342.0
008 150706s r 000 0 d
020 _a9505124945
035 _a(Sirsi) i9789505124947
040 _aPE-LiUPU
_bspa
_cPE-LiUPU
_erda
049 _aPRUA
082 0 4 _a226.6
_bS42
_221
100 1 _aSerna, P. Eduardo de la,
_eautor.
245 1 0 _aHecho de los apóstoles /
_cP. Eduardo de la Serna.
264 1 _aBuenos Aires :
_bClaretiana,
_c2006.
300 _a128 páginas :
_bilustraciones ;
_c17 centímetros
336 _atext
_2rdacontent
337 _aunmediated
_2rdamedia
338 _avolume
_2rdacarrier
504 _aIncluye bibliografía.
505 0 _aEl relato -- El texto -- Carácter literario -- "Formas frecuentes en Hechos -- ¿"Un Libro histórico"? -- Contenido del texto -- La palabra se extiende por Judea y Sumaría hasta Antioquía -- La palabra se extiende desde Antioquía hasta Europa y Asia -- El ambiente -- Las fuentes -- Carácter histórico -- Fecha de composición, Sitz im Leben -- Las enseñanzas.
526 _aSEG42
526 _aSEG41
526 _aSEG40
526 _aSEG39
526 _aP94
526 _aP87
526 _aP86
526 _aP85
526 _aP77
526 _aP76
526 _aP35
541 _g007-0020319;
630 _aBiblia.
_pN.T.
_pHechos
_xComentarios.
910 _bjv
_cng
_d20090911
942 _2ddc
_cBOOK
949 _a226.6 S42
_wDEWEY
_c1
_i60330
_lCCODEBUL1
_mBUL
_p10.00
_r0
_sY
_tBOOK
_u2015-7-6
_xTEOLOGIA
_zUNKNOWN
_0COMPRA
_o.STAFF. Colección General
994 _aC0
_bPEPRU
596 _a1
999 _a226.6 S42
_wDEWEY
_c49792
_i60330
_d49792
_f2021-11-9
_g5
_lCCODEBUL1
_mBUL
_p10.00
_q1
_r0
_sY
_tBOOK
_u2015-7-6
_xTEOLOGIA
_zUNKNOWN
_0COMPRA
_o.STAFF. Colección General
980 _81
_gALBERTO SANCHEZ Responsable de Automatización